000 00619nam a2200181 u 4500
001 000020506
005 20200930011124.0
008 100813s2015 dr a 001 0 spa d
020 _a9789945084344
040 _aDO-SdBNP
_bspa
_cBNPHU
082 _axxxxxxxx
_bxxxxxxxx
100 1 _aLizardo Henríquez Antonio
_943220
245 1 0 _aAlgunos procesos industriales para emprendedores /
_cAntonio Lizardo Henríquez.
260 _aSanto Domingo :
_b3C Print SRL,
_c2015.
300 _a146 p. :
_bil. ;
_c22 cm.
500 _aIncluye datos biográficos del autor en la contracubierta
504 _aBibliografías : p. 145-146
999 _c20010
_d20010